000 02403nam0a2200397 i 4500
001 RU\NLR\BIBL_A\010984381
005 20260409064250.0
010 _a9785742250319
_952
021 _aRU
_b2016-7379
_9472
035 _a(NILC)RuMoRGB-008133646
035 _a(NLR Aleph) 010984381
090 _a10892682
_c10892682
100 _a20160219d2015 u y0rusy50 ca
101 0 _arus
102 _aRU
105 _aa|||j|||000yy
200 1 _aОрганизация медицинской помощи при радиационных авариях мирного времени
_eучебное пособие
_fМ-во образования и науки Рос. Федерации, С.-Петерб. политехн. ун-т Петра Великого
_g[А.Г. Акимов, В.И. Гуменюк, А.Н. Власенко, Р.Н. Лемешкин]
210 _aСанкт-Петербург
_cИзд-во Политехнического университета
_d2015
215 _a60 с.
_cил.
_d21
300 _aНа обороте тит. л. авт.: Гуменюк В.И., проф., д.т.н., Акимов А.Г., проф., д.м.н., полк. мед. службы, Власенко А.Н., проф., д.м.н., Лемешкин Р.Н., доц., к.м.н., подполк. мед. службы
300 _aАвт. указаны на обороте тит. л.
320 _aБиблиогр.: с. 60 (12 назв.)
606 _aРадиационные аварии
_jУчебные издания для высших учебных заведений
_xМедицинская помощь пострадавшим
_92175868
_3RU\NLR\AUTH\661308659
675 _a614
686 1 _aР126.03я73
701 1 _aАкимов
_bА. Г.
_gАндрей Геннадьевич
701 1 _aГуменюк
_bВ. И.
_f1950-
_gВасилий Иванович
701 1 _aВласенко
_bА. Н.
_gАлександр Николаевич
701 1 _aЛемешкин
_bР. Н.
_gРоман Николаевич
712 0 2 _4570
_aСанкт-Петербургский политехнический университет Петра Великого
_3RU\NLR\AUTH\880402830
_9472616
801 0 _aRU
_bРГБ
_c20160203
_gRCR
801 1 _aRU
_bРГБ
_c20160203
_2rusmarc
942 _cBOOK
980 _aNBR